Kolaps, dopady a vývoj realitného trhu

Realitný trh, financovanie nehnuteľností a celosvetová finančná kríza. Kolaps realitného trhu, jeho dôsledky a dopady. Zadlženosť obyvateľstva a finančného sektora. Predpokladaný vývoj realitného trhu v budúcnosti.

Salvato in:
Dettagli Bibliografici
Autore principale: Kubica, Milan, 1958-
Natura: Capitolo di libro
Lingua:slovacco
Soggetti:
Tags: Aggiungi Tag
Nessun Tag, puoi essere il primo ad aggiungerne!!

MARC

LEADER 00000naa$a2200000$$$4500
001 0130342
005 20240502072507.2
041 0 |a slo 
044 |a SK 
245 1 0 |a Kolaps, dopady a vývoj realitného trhu  |c Milan Kubica 
520 |a Realitný trh, financovanie nehnuteľností a celosvetová finančná kríza. Kolaps realitného trhu, jeho dôsledky a dopady. Zadlženosť obyvateľstva a finančného sektora. Predpokladaný vývoj realitného trhu v budúcnosti. 
610 2 0 |a kríza finančná 
610 2 0 |a bubliny finančné 
610 2 0 |a inštitúcie finančné 
610 2 0 |a banky 
610 2 0 |a trh hypotekárny 
610 2 0 |a nehnuteľnosti 
610 2 0 |a cena nehnuteľností 
610 2 0 |a hypotéky 
610 2 0 |a úver hypotekárny 
610 2 0 |a vývoj hospodársky 
610 2 0 |a oživenie 
100 1 |a Kubica, Milan, 1958-